Fisiología del esfuerzo y del entrenamiento muscular / (Record no. 29386)
[ view plain ]
| 000 -CABECERA | |
|---|---|
| campo de control de longitud fija | 00805nam a2200193 a 4500 |
| 001 - NÚMERO DE CONTROL | |
| campo de control | 000029894 |
| 005 - FECHA Y HORA DE LA ÚLTIMA TRANSACCIÓN | |
| campo de control | 20200930055904.0 |
| 008 - DATOS DE LONGITUD FIJA--INFORMACIÓN GENERAL | |
| campo de control de longitud fija | 110426s1979 dr 000 0 spa d |
| 040 ## - FUENTE DE LA CATALOGACIÓN | |
| Centro catalogador/agencia de origen | DO-SdBNP |
| Lengua de catalogación | spa |
| Centro/agencia transcriptor | BNPHU |
| 082 ## - NÚMERO DE LA CLASIFICACIÓN DECIMAL DEWEY | |
| Número de clasificación | xxx |
| Número de documento/Ítem | B389fi |
| 049 ## - FONDOS LOCALES (OCLC) | |
| Fondos de biblioteca | BNPD |
| 100 1# - ENTRADA PRINCIPAL--NOMBRE DE PERSONA | |
| Nombre de persona | Becerro, Marcos |
| 9 (RLIN) | 37556 |
| 245 10 - MENCIÓN DE TÍTULO | |
| Título | Fisiología del esfuerzo y del entrenamiento muscular / |
| Mención de responsabilidad, etc. | Marcos Becerro. |
| 260 ## - PUBLICACIÓN, DISTRIBUCIÓN, ETC. | |
| Lugar de publicación, distribución, etc. | [Santo Domingo] : |
| Nombre del editor, distribuidor, etc. | Federación Dominicana de Levantamiento de Pesas : |
| -- | SEDEFIR, |
| Fecha de publicación, distribución, etc. | 1979. |
| Fabricante | Editora Nivar |
| 300 ## - DESCRIPCIÓN FÍSICA | |
| Extensión | 20 p. : |
| Otras características físicas | 23 cm. |
| 490 1# - MENCIÓN DE SERIE | |
| Mención de serie | Federación Dominicana de Levantamiento de Pesas |
| Designación de volumen o secuencia | 2 |
| 710 2# - PUNTO DE ACCESO ADICIONAL--NOMBRE DE ENTIDAD CORPORATIVA | |
| Nombre de entidad corporativa o nombre de jurisdicción como elemento de entrada | Secretaría de Estado de Deportes, Educación Física y Recreación |
| Unidad subordinada | División de Educación Física Extra-Escolar, |
| 9 (RLIN) | 56632 |
| 830 #0 - PUNTO DE ACCESO ADICIONAL DE SERIE-TÍTULO UNIFORME | |
| Título uniforme | Federación Dominicana de Levantamiento de Pesas |
| Designación de volumen o secuencia | 2 |
| 9 (RLIN) | 56633 |
| Estado de retiro | Estado de pérdida | No para préstamo | Código de colección | Localización permanente | Ubicación/localización actual | Ubicación en estantería | Fecha de adquisición | Número de inventario | Total de préstamos | Signatura topográfica completa | Código de barras | Fecha visto por última vez | Precio válido a partir de | Tipo de ítem Koha |
|---|---|---|---|---|---|---|---|---|---|---|---|---|---|---|
| Excluido de préstamo | Patrimonio Dominicano | Patrimonio Dominicano | Patrimonio Dominicano | En catalogación | 26.04.2011 | LF1 | xxx B389fi | 29894-10 | 25.06.2020 | 25.06.2020 | Libro y Folleto Colección Patrimonio Dominicano |
